000 00722cab a2200253 4500
001 WB3109-46
008 090401t1995 xxu||||| |||| 00| 0 eng d
035 _a(Sirsi) u15684
041 _aeng
245 _aGet the most out of your survey
260 _c1995
350 _a0
490 _aDaily Telegraph
_v25 February 1995, Weekend 11(1)
520 _aSets out the extent of a house valuation and what legal redress the homebuyer has.
650 _aMORTGAGE LENDERS
650 _aMORTGAGE VALUATIONS
650 _aRESIDENTIAL VALUATION
650 _aSTRUCTURAL SURVEYS
650 _aUNDER-VALUATION
650 _aVALUATION REPORTS
690 _aRATING AND VALUATION
942 _n0
948 _c04/03/1997
999 _c10312
_d10312